00000000nam 2200000zi 4500
0019.922098
003CaOODSP
00520230501133341
006m     o  d f      
007cr |n|||||||||
008230501t19971997onc     o    f|0| 0 eng d
020 |z0662629442
040 |aCaOODSP|beng|erda|cCaOODSP
043 |an-cn---
0861 |aC2-316/1997E-PDF
24500|aIndustry portfolio : |bbuilding jobs and growth through innovation and partnership.
264 1|aOttawa : |bGovernment of Canada = Gouvernement du Canada, |c1997.
264 4|c©1997
300 |a1 online resource (28 unnumbered pages)
336 |atext|btxt|2rdacontent
337 |acomputer|bc|2rdamedia
338 |aonline resource|bcr|2rdacarrier
500 |aIssued also in French under title: Portefeuille de l'Industrie : innovation et partenariat, facteurs d'emploi et de croissance.
500 |aDigitized edition from print [produced by Innovation, Science and Economic Development Canada].
61010|aCanada. |bIndustry Canada.
650 0|aResearch, Industrial|xGovernment policy|zCanada.
650 0|aIndustrial promotion|zCanada.
650 0|aResearch and development partnership|zCanada.
7101 |aCanada. |bIndustry Canada, |eissuing body.
77508|tPortefeuille de l'Industrie : |w(CaOODSP)9.922101
85640|qPDF|s1.63 MB|uhttps://publications.gc.ca/collections/collection_2023/isde-ised/c2/C2-316-1997-eng.pdf